000 00582nam a2200205Ia 4500
003 IN-BaIIA
008 211028s9999 xx 000 0 eng d
020 _a486-60769-0
040 _cIIA Library
080 _a524.834
_bBOR
100 _aBorn, Max
_91579
245 0 _aEinstein's theory of relativity
_cMax Born
250 _arev. ed.
260 _aNew York
_bDover Publications
_c1965
300 _avii, 376p.
650 _a Einstein universe
_97985
650 _a General theory of relativity 
_97986
650 _aAstronomy and astrophysics thesaurus 
_91143
942 _cBK
999 _c4544
_d4544